01113 a2200229 45000010006000000050017000060080041000230030015000640400040000790800117001192450046002360200022002822640029003043000019003335050303003520410008006559420007006635900036006701000017007069990015007239520145007386037520260407155854.0260407a2000 arg spa dAR-UNSa-BCEJYS aAR-UNSa-BCEJYSbspacAR-UNSa-BCEJYS a338.2xPolítica económica. Control de la economía. Gestión de la economía. Planificación económica10aPúblico y privadopun acuerdo necesario a978-84-344-1195-1 1aBarcelona :bArielc2000 a283 p.c22 cm. a1. Estado, política y economía - 2. Las políticas públicas y su gestión - 3. La intervención económica, ¿para qué? Eficiencia, equidad y Estado del bienestar - 4. La financiación de la actividad pública - 5. Los grandes temas de la actuación estatal al comienzo del siglo XXI aspa cBK aniveau_biblio:m niveau_hierar:01 aAlbi, Emilio c6944d6944 00104070aBCEJYSbBCEJYSc16d2026-04-07l0o338.2 A335pL129130r2026-04-07 15:58:54w2026-04-07yLzRESALTADOR AMARILLO Y ROSA - LÁPIZ